000 01464cam a2200373 i 4500
001 58672
003 Mx-PuUPA
005 20260130102255.0
008 140415s2019 nyua gr 001 0 eng d
020 _a9781541788947
_qrústica
040 _aMx-PuUPA
_bspa
_cMx-PuUPA
_dMx-PuUPA
_erda
041 0 _aeng
100 1 _aBanerjee, Abhijit V.,
_d1961-
_eautor
_916389
245 1 0 _aGood economics for hard times /
_cAbhijit V. Banerjee & Esther Duflo
250 _aFirst edition
264 1 _aNew York, NY :
_bPublicAffairs,
_c2021
300 _axxii, 403 páginas :
_bgráficas (blanco y negro) ;
_c21 cm
336 _2rdacontent
_atexto
_btxt
337 _2rdamedia
_asin medio
_bn
338 _2rdacarrier
_avolumen
_bnc
500 _a"Winners of the 2019 Nobel Prize in Economics". -- Cubierta
650 7 _2armarc
_aEconomía
650 7 _2armarc
_aHistoria económica
_y1900
650 7 _2armarc
_aGlobalización
650 7 _2armarc
_aEconomía política
700 1 _aDuflo, Esther,
_eautor
942 _2ddc
_cLI
_h330.9
_iB22
999 _c58672
_d58672